| 000 | 00658nam a2200169 a 4500 | ||
|---|---|---|---|
| 008 | 080314s2007 ||||||||||||||||| || u | ||
| 050 | _aUNO(02) | ||
| 110 | _aUnited Nations Economic and Social Affairs (UNESA) | ||
| 245 | 1 | 0 | _aJudgements of the United Nations Administrative Tribunal |
| 260 |
_aNew York: _bUNITED NATIONS _c2007 |
||
| 300 | _avii, 601p. | ||
| 350 | _a0.00 | ||
| 650 | _aLAW | ||
| 650 | _aUNITED NATIONS--LAW AND LEGISLATION | ||
| 650 | _aUNITED NATIONS--REPORTS | ||
| 995 |
_D0.00 _FCBU-MAIN LIBRARY (Kitwe) _H1 _I0.00 _M1 _UAVAILABLE _WSep 18, 2008 _ZInternational Publications |
||
| 999 |
_c48517 _d48517 |
||